[Event "NRW Class1 1617"]
[Site "Germany"]
[Date "2017.03.26"]
[Round "8.3"]
[White "Sirringhaus, Wilfried"]
[Black "Bee, Marcus"]
[Result "1/2-1/2"]
[WhiteElo "2212"]
[BlackElo "2176"]
[PlyCount "99"]
[EventDate "2016.09.25"]
[EventType "team-tourn"]
[EventRounds "9"]
[EventCountry "GER"]
[SourceTitle "EXT 2023"]
[Source "ChessBase"]
[SourceDate "2022.10.05"]
[SourceVersion "1"]
[SourceVersionDate "2022.10.05"]
[SourceQuality "1"]
[WhiteTeam "Duisburg PSV"]
[BlackTeam "Katernberg SF II"]
[WhiteTeamCountry "GER"]
[BlackTeamCountry "GER"]

1. e4 g6 2. d4 Bg7 3. Nc3 c6 4. Be3 d5 5. Nf3 dxe4 6. Ng5 Nf6 7. Bc4 0-0 8. Ncxe4 Nxe4 9. Nxe4 Nd7 10. Qd2 a5 11. 0-0 Nb6 12. Be2 Nd5 13. Bh6 Nf6 14. Nxf6+ exf6 15. Rad1 Qb6 16. b3 Rd8 17. c4 Be6 18. Be3 Qb4 19. Qb2 f5 20. a3 Qe7 21. Qc1 f4 22. Bxf4 Rxd4 23. Bg5 Qd7 24. Rxd4 Qxd4 25. Rd1 Qb2 26. Qxb2 Bxb2 27. a4 Kg7 28. Kf1 Be5 29. Bd8 Kf8 30. Bb6 Ke8 31. Bf3 Bf6 32. h3 Bd8 33. Bd4 Be7 34. Bc3 Bb4 35. Bxb4 axb4 36. Bg4 f5 37. Bf3 Rd8 38. Rxd8+ Kxd8 39. Ke2 Kc7 40. Ke3 Kd6 41. Kf4 h6 42. h4 b6 43. g3 Bd7 44. Be2 c5 45. Bd3 Ke6 46. g4 Kf6 47. g5+ hxg5+ 48. hxg5+ Ke6 49. Ke3 Ke5 50. f4+ 1/2-1/2

[Event "NRW Class2 1314"]
[Site "Germany"]
[Date "2014.04.06"]
[Round "8.1"]
[White "Podzielny, Karl Heinz"]
[Black "Bee, Marcus"]
[Result "1-0"]
[WhiteElo "2377"]
[BlackElo "2218"]
[PlyCount "109"]
[EventDate "2013.09.15"]
[EventType "team-tourn"]
[EventRounds "9"]
[EventCountry "GER"]
[SourceTitle "EXT 2015"]
[Source "ChessBase"]
[SourceDate "2014.11.20"]
[SourceVersion "1"]
[SourceVersionDate "2014.11.20"]
[SourceQuality "1"]
[WhiteTeam "Letmathe"]
[BlackTeam "Holsterhausen"]
[WhiteTeamCountry "GER"]
[BlackTeamCountry "GER"]

1. d4 g6 2. g3 Bg7 3. Bg2 d5 4. c4 c6 5. Nf3 Nf6 6. 0-0 0-0 7. Nc3 dxc4 8. h3 Nd5 9. e4 Nxc3 10. bxc3 Qa5 11. Qc2 Nd7 12. Be3 e5 13. Nd2 Nb6 14. Rfc1 Be6 15. Nf3 exd4 16. Nxd4 Rad8 17. Nxe6 fxe6 18. Bf1 Qa4 19. Rab1 Qxc2 20. Rxc2 Rd7 21. Rb4 Rfd8 22. a4 Bf8 23. a5 Bxb4 24. cxb4 Nc8 25. Bxc4 Kf7 26. Bg5 Rd1+ 27. Kg2 R8d7 28. Rc3 R7d4 29. Rf3+ Ke8 30. Bxe6 Nd6 31. e5 Re4 32. Re3 Rxe3 33. Bxe3 Nf7 34. f4 Rb1 35. Bxa7 Rxb4 36. Bb6 Ra4 37. Bc8 Nd8 38. e6 Re4 39. Kf3 Re1 40. Bd7+ Ke7 41. Bc5+ Kf6 42. e7 Rxe7 43. Bxe7+ Kxe7 44. Bc8 Kd6 45. Bxb7 Kc7 46. Ba6 c5 47. Bf1 Nb7 48. a6 Nd6 49. g4 Kb6 50. Ke3 h6 51. Bd3 g5 52. f5 c4 53. Be2 Kxa6 54. Kd4 Kb6 55. Bxc4 1-0

[Event "Ruhrgebiet Verbandsliga2 1011"]
[Site "Nordrheinwestfalen"]
[Date "2011.04.10"]
[Round "9.1"]
[White "Bee, Marcus"]
[Black "Schulenburg, Pit"]
[Result "1-0"]
[WhiteElo "2179"]
[BlackElo "2165"]
[PlyCount "73"]
[EventDate "2010.09.12"]
[EventType "team-tourn"]
[EventRounds "9"]
[EventCountry "GER"]
[SourceTitle "EXT 2020"]
[Source "ChessBase"]
[SourceDate "2019.10.17"]
[SourceVersion "1"]
[SourceVersionDate "2019.10.17"]
[SourceQuality "1"]
[WhiteTeam "Holsterhausen SK"]
[BlackTeam "Dortmund FS 98"]
[WhiteTeamCountry "GER"]
[BlackTeamCountry "GER"]

1. Nf3 b5 2. g3 Bb7 3. Bg2 e6 4. d4 Nf6 5. 0-0 c5 6. c3 Qb6 7. a4 a6 8. axb5 axb5 9. Rxa8 Bxa8 10. Na3 Bd5 11. dxc5 Bxc5 12. b4 Be7 13. Qd3 0-0 14. Qxb5 Qxb5 15. Nxb5 Nc6 16. Bf4 Ne4 17. Rc1 g5 18. Be3 Rb8 19. Nbd4 g4 20. Nxc6 dxc6 21. Ne5 f6 22. Nxg4 Nd6 23. Bc5 Kf7 24. Ra1 Nb5 25. Bxe7 Kxe7 26. e4 f5 27. exd5 fxg4 28. dxc6 Nxc3 29. Ra7+ Kf6 30. Rxh7 Rxb4 31. c7 Ne2+ 32. Kf1 Nd4 33. Be4 Rc4 34. Bb7 Rc1+ 35. Kg2 Ne2 36. h3 Kg6 37. Rd7 1-0

[Event "Ruhrgebiet Verbandsliga2 1011"]
[Site "Nordrheinwestfalen"]
[Date "2011.02.27"]
[Round "7.1"]
[White "Krueger, Andre"]
[Black "Bee, Marcus"]
[Result "1/2-1/2"]
[WhiteElo "2115"]
[BlackElo "2179"]
[PlyCount "35"]
[EventDate "2010.09.12"]
[EventType "team-tourn"]
[EventRounds "9"]
[EventCountry "GER"]
[SourceTitle "EXT 2020"]
[Source "ChessBase"]
[SourceDate "2019.10.17"]
[SourceVersion "1"]
[SourceVersionDate "2019.10.17"]
[SourceQuality "1"]
[WhiteTeam "Muelheim Nord III"]
[BlackTeam "Holsterhausen SK"]
[WhiteTeamCountry "GER"]
[BlackTeamCountry "GER"]

1. d4 d6 2. e4 g6 3. Nc3 Bg7 4. Be3 a6 5. f4 b5 6. Nf3 Nd7 7. Bd3 Bb7 8. Qe2 c5 9. dxc5 Nxc5 10. Bxc5 Bxc3+ 11. bxc3 dxc5 12. c4 b4 13. 0-0 Nf6 14. e5 Nh5 15. Qe3 Bxf3 16. Qxf3 0-0 17. Rae1 e6 18. Kh1 1/2-1/2

[Event "Ruhrgebiet Verbandsliga2 1011"]
[Site "Nordrheinwestfalen"]
[Date "2011.02.06"]
[Round "6.1"]
[White "Bee, Marcus"]
[Black "Leveikina, Jevgenija"]
[Result "1-0"]
[WhiteElo "2179"]
[BlackElo "2051"]
[PlyCount "53"]
[EventDate "2010.09.12"]
[EventType "team-tourn"]
[EventRounds "9"]
[EventCountry "GER"]
[SourceTitle "EXT 2020"]
[Source "ChessBase"]
[SourceDate "2019.10.17"]
[SourceVersion "1"]
[SourceVersionDate "2019.10.17"]
[SourceQuality "1"]
[WhiteTeam "Holsterhausen SK"]
[BlackTeam "Herne Sodingen II"]
[WhiteTeamCountry "GER"]
[BlackTeamCountry "GER"]

1. Nf3 d5 2. c4 c6 3. g3 Nf6 4. Bg2 Bf5 5. cxd5 cxd5 6. Qb3 Qc8 7. Nc3 e6 8. 0-0 Be7 9. d3 0-0 10. Bf4 Nc6 11. Rac1 Qd7 12. e4 Bg6 13. exd5 exd5 14. Ne5 Nxe5 15. Bxe5 Bxd3 16. Nxd5 Bxf1 17. Rc7 Qxc7 18. Nxc7 Bxg2 19. Kxg2 Rad8 20. Qxb7 Ng4 21. Bf4 Bc5 22. b4 Bb6 23. Nd5 Bd4 24. Ne7+ Kh8 25. Nc6 Rd5 26. Qe7 Kg8 27. Qe2 1-0

[Event "Ruhrgebiet Verbandsliga2 1011"]
[Site "Nordrheinwestfalen"]
[Date "2010.11.14"]
[Round "3.1"]
[White "Hassenrueck, Helmut"]
[Black "Bee, Marcus"]
[Result "1/2-1/2"]
[WhiteElo "2113"]
[BlackElo "2179"]
[PlyCount "52"]
[EventDate "2010.09.12"]
[EventType "team-tourn"]
[EventRounds "9"]
[EventCountry "GER"]
[SourceTitle "EXT 2020"]
[Source "ChessBase"]
[SourceDate "2019.10.17"]
[SourceVersion "1"]
[SourceVersionDate "2019.10.17"]
[SourceQuality "1"]
[WhiteTeam "Gladbeck SG"]
[BlackTeam "Holsterhausen SK"]
[WhiteTeamCountry "GER"]
[BlackTeamCountry "GER"]

1. d4 g6 2. e4 Bg7 3. Nc3 c6 4. h3 d5 5. Nf3 Nf6 6. e5 Ne4 7. Nxe4 dxe4 8. Ng5 c5 9. Bc4 0-0 10. c3 cxd4 11. cxd4 Nc6 12. Be3 Qa5+ 13. Kf1 Qb4 14. Rc1 Na5 15. Bb3 Nxb3 16. Qxb3 Qa5 17. Nxe4 Be6 18. Qa3 Qxa3 19. bxa3 Rfc8 20. Nc3 b5 21. f4 Bc4+ 22. Kf2 e6 23. Ne4 Bf8 24. Nc5 Bxa2 25. Rc2 Bc4 26. Rhc1 Be7 1/2-1/2

[Event "Ruhrgebiet VL1 0910"]
[Site "Germany"]
[Date "2010.01.10"]
[Round "5.1"]
[White "Ahling, Michael"]
[Black "Bee, Marcus"]
[Result "1/2-1/2"]
[WhiteElo "2178"]
[BlackElo "2224"]
[PlyCount "24"]
[EventDate "2009.09.06"]
[EventType "team-tourn"]
[EventRounds "9"]
[EventCountry "GER"]
[SourceTitle "EXT 2011"]
[Source "ChessBase"]
[SourceDate "2010.11.26"]
[SourceVersion "1"]
[SourceVersionDate "2010.11.26"]
[SourceQuality "1"]
[WhiteTeam "Horst Emscher"]
[BlackTeam "Holsterhausen"]
[WhiteTeamCountry "GER"]
[BlackTeamCountry "GER"]

1. Nf3 g6 2. d4 Bg7 3. g3 d6 4. Bg2 e5 5. dxe5 dxe5 6. Qxd8+ Kxd8 7. Na3 f6 8. 0-0 c6 9. Nc4 Kc7 10. Rd1 Nh6 11. e4 Be6 12. Bf1 Nf7 1/2-1/2